Normal view
MARC view
- Asensio Aguilera, José María
Entry Nombre Personal
001 - NUMERO DE CONTROL
- campo de control: 31683
003 - IDENTIFICADOR DE NUMERO DE CONTROL
- campo de control: UPN
005 - FECHA Y HORA DE LA ÜLTIMA TRANSACCIÓN
- campo de control: 20210219194425.0
008 - DATOS DE LONGITUD FIJA
- campo de control de longitud fija: nabaccnnaabn|||||||||| b |nc|||||d
035 ## - NUMERO DE CONTROL
- Número de control: UPN11000003789
040 ## - FUENTE DE CATALOGACIÓN
- Lenguaje de catalogación: SPA
- Agencia de transcripción: UPN
100 1# - ENCABEZAMIENTO - NOMBRE PERSONAL
- Nombre personal: Asensio Aguilera, José María
400 1# - VEÁSE - NOMBRE DE PERSONA
- Personal name: Asensio Aguilera, Josep María
670 ## - FUENTE EN LA QUE SE LOCALIZARON DATOS
- Cita de la fuente: T/P
- Uniform Resource Identifier: http://dialnet.unirioja.es/servlet/autor?codigo=147442
680 ## - NOTA PUBLICA DE ACCESO PÚBLICO
- Frase explicativa de la referencia: Académico español especialista en teoría e historia de la educación
902 ## - CATALOGADOR
- Catalogador: CAA/100112
